000 00374nam a22001697a 4500
003 UA-OsUOA
001 3468
007 ta
008 20050721b un ||||| |||| 00| 0 ukr d
100 _aBrown
700 _aCalvin S.
942 _cBK
040 _aUA-OsUOA
_cUA-OsUOA
_dUA-OsUOA
245 _aThe Reader's Companion to World Literature.
955 _a2
650 7 _2UDC
999 _c289630
_d289630